| 000 | 00567nam a2200193Ia 4500 | ||
|---|---|---|---|
| 005 | 20250508153859.0 | ||
| 008 | 008 250505s9999 xx 000 0 eng d | ||
| 037 | _aTextual | ||
| 040 |
_aFEDL _beng _cFEDL |
||
| 041 |
_aeng _2eng |
||
| 084 |
_a910.7, GRE _qFEDL |
||
| 245 | 0 | _aGeography course for teachers in rural schools | |
| 245 | 0 | _cBoard of Education | |
| 260 |
_aLondon, UK _bHis Majesty's Stationery Office _c1919 |
||
| 300 | _a20p. | ||
| 546 | _aMatlock June 16th-28th, 1919 | ||
| 942 |
_cTEXL _h910.7, GRE |
||
| 999 |
_c1346106 _d1346106 |
||